| 000 | 00682nam a2200217 a 4500 | ||
|---|---|---|---|
| 005 | 20210219153917.0 | ||
| 008 | 011003s1999 mx r 000 0 spa d | ||
| 020 | _a9701832329 | ||
| 035 | _aUPN01000113322 | ||
| 049 | _aI | ||
| 050 | 4 |
_aSD421.23 _bG3.5 |
|
| 100 | 1 | _aGarcía Feijoo, Lena | |
| 245 | 1 | 4 |
_aLos incendios / _ctexto de Lena García Feijoo y Horacio García Fernández ; il. Fabricio Vanden Broeck. |
| 260 |
_aMéxico, _bCNCA : _bADN, _c1999. |
||
| 300 |
_a35 p. : _bil. col. |
||
| 440 | 0 | _aFenómenos naturales | |
| 650 | 4 |
_aINCENDIOS - _vLITERATURA JUVENIL |
|
| 650 | 4 | _aINCENDIOS FORESTALES | |
| 700 | 1 |
_aGarcía Fernández, Horacio, _ecoaut. |
|
| 905 | _aInfantil | ||
| 999 |
_c87230 _d87230 |
||